000 01795nam a22003017a 4500
001 9617
003 FISKH
005 20260126104205.0
008 260126b cb ||||| |||| 00| 0 eng d
020 _a9781408855690
040 _aFISKH
_beng
_cFISKH
_dFISKH
050 _aPZ7 .R79835 .H
082 _a823.914
100 _aRowling , J. K
245 _aHarry Potter and the order of the phoenix /
_cBy J. K. Rowling
260 _aLondon :
_bBloomsbury Children's Books ,
_c2003 .
300 _a799 pages :
_billustrations ;
_c20 cm .
490 _aHarry Potter
_v5
505 _aZ
520 _aYoung Adult Fiction. HTML:'You are sharing the Dark Lord's thoughts and emotions. The Headmaster thinks it inadvisable for this to continue. He wishes me to teach you how to close your mind to the Dark Lord.' Dark times have come to Hogwarts. After the Dementors' attack on his cousin Dudley, Harry Potter knows that Voldemort will stop at nothing to find him. There are many who deny the Dark Lord's return, but Harry is not alone: a secret order gathers at Grimmauld Place to fight against the Dark forces. Harry must allow Professor Snape to teach him how to protect himself from Voldemort's savage assaults on his mind. But they are growing stronger by the day and Harry is running out of time... Having become classics of our time, the Harry Potter stories never fail to bring comfort and escapism. With their message of hope, belonging and the enduring power of truth and love, the story of the Boy Who Lived continues to delight generations of new listeners.
521 8 _a950
_bLexile
521 8 _aZ
_bRaz-Plus
650 _aFantasy
_vFiction
650 _aMagic
_vFiction
700 _aDuddle , Jonny
_eIllustrator
942 _2ddc
_cBK
_n0
999 _c9617
_d9617